[Event "Polanica Zdroj op-E 46th"]
[Site "Polanica Zdroj"]
[Date "2010.08.21"]
[Round "3"]
[White "Marko, Stanislaw"]
[Black "Zarow, Elzbieta"]
[Result "1-0"]
[WhiteElo "1966"]
[BlackElo "1510"]
[PlyCount "46"]
[EventDate "2010.08.19"]
[EventType "swiss"]
[EventRounds "10"]
[EventCountry "POL"]
[SourceTitle "CBM 138 Extra"]
[Source "ChessBase"]
[SourceDate "2010.10.29"]
[SourceVersion "1"]
[SourceVersionDate "2010.10.29"]
[SourceQuality "1"]

1. e4 e5 2. d4 exd4 3. Qxd4 Nc6 4. Qa4 Qe7 5. c3 a6 6. f3 h6 7. Bd3 Ne5 8. Qc2 Nxd3+ 9. Qxd3 g5 10. Be3 Bg7 11. Na3 b5 12. Nc2 Bb7 13. 0-0-0 0-0-0 14. Nd4 Qd6 15. Nf5 Qxd3 16. Rxd3 Bf6 17. Nh3 Ne7 18. Nxe7+ Bxe7 19. Nf2 Rhf8 20. Rhd1 h5 21. h3 a5 22. g4 h4 23. Bd4 c5 1-0

[Event "Rowy Seniors-ch 15th"]
[Site "Rowy"]
[Date "2009.09.15"]
[Round "8"]
[White "Grabarczyk, Edmund"]
[Black "Zarow, Elzbieta"]
[Result "1-0"]
[WhiteElo "1572"]
[BlackElo "1523"]
[PlyCount "68"]
[EventDate "2009.09.08"]
[EventType "swiss"]
[EventRounds "9"]
[EventCountry "POL"]
[SourceTitle "EXT 2010"]
[Source "ChessBase"]
[SourceDate "2010.11.25"]
[SourceVersion "1"]
[SourceVersionDate "2010.11.25"]
[SourceQuality "1"]

1. e4 e5 2. Nf3 d6 3. d4 exd4 4. Nxd4 a6 5. Bc4 c5 6. Nf3 Be7 7. Nc3 h6 8. 0-0 Bg4 9. h3 Bh5 10. g4 Bg6 11. e5 Nc6 12. Re1 Kf8 13. Nd5 Na5 14. Nxe7 Nxc4 15. Nxg6+ fxg6 16. Qd5 Nxe5 17. Nxe5 dxe5 18. Qxc5+ Qe7 19. Rxe5 Qxc5 20. Rxc5 Nf6 21. Rc7 b5 22. b3 Nd5 23. Rc6 Kf7 24. c4 Nc3 25. Rc7+ Kg8 26. Bb2 Rh7 27. Bxc3 a5 28. cxb5 g5 29. Rd1 g6 30. Rxh7 Kxh7 31. Rd7+ Kg8 32. Rg7+ Kf8 33. Rxg6 a4 34. Rxh6 axb3 1-0

[Event "POL-ch disabled"]
[Site "Rowy"]
[Date "2009.09.02"]
[Round "2.29"]
[White "Kowalczyk, Henryk"]
[Black "Zarow, Elzbieta"]
[Result "1/2-1/2"]
[WhiteElo "1796"]
[BlackElo "1523"]
[PlyCount "34"]
[EventDate "2009.09.01"]
[EventType "swiss"]
[EventRounds "9"]
[EventCountry "POL"]
[SourceTitle "EXT 2023"]
[Source "ChessBase"]
[SourceDate "2022.10.05"]
[SourceVersion "1"]
[SourceVersionDate "2022.10.05"]
[SourceQuality "1"]

1. g3 c5 2. Bg2 e6 3. c4 Ne7 4. Nc3 Nbc6 5. d3 d5 6. cxd5 Nxd5 7. Nxd5 exd5 8. Qb3 Ne7 9. Nf3 Rb8 10. Bf4 Ra8 11. 0-0 Qb6 12. Qxb6 axb6 13. Rfc1 Ng6 14. Bc7 Ra6 15. Ne5 Nxe5 16. Bxe5 Be6 17. b3 f6 1/2-1/2

[Event "POL-ch disabled"]
[Site "Chotowa"]
[Date "2007.05.26"]
[Round "1.13"]
[White "Zarow, Elzbieta"]
[Black "Relidzynski, Tadeusz"]
[Result "0-1"]
[WhiteElo "1509"]
[BlackElo "1995"]
[PlyCount "25"]
[EventDate "2007.05.26"]
[EventType "swiss"]
[EventRounds "9"]
[EventCountry "POL"]
[SourceTitle "EXT 2023"]
[Source "ChessBase"]
[SourceDate "2022.10.05"]
[SourceVersion "1"]
[SourceVersionDate "2022.10.05"]
[SourceQuality "1"]

1. d4 Nf6 2. Nc3 d5 3. Nf3 e6 4. Bf4 c5 5. b3 Nc6 6. e3 Qa5 7. Qd2 a6 8. Bd3 cxd4 9. Nxd4 Nxd4 10. exd4 Bb4 11. 0-0 Bxc3 12. Qe3 Bxa1 13. Rxa1 0-1

[Event "Brandenburg Seniors op 13th"]
[Site "Rowy"]
[Date "2004.06.23"]
[Round "3"]
[White "Nietsch, Horst"]
[Black "Zarow, Elzbieta"]
[Result "1-0"]
[WhiteElo "2071"]
[BlackElo "1078"]
[PlyCount "26"]
[EventDate "2004.06.21"]
[EventType "swiss"]
[EventRounds "9"]
[EventCountry "POL"]
[SourceTitle "EXT 2006"]
[Source "ChessBase"]
[SourceDate "2005.11.24"]
[SourceVersion "1"]
[SourceVersionDate "2005.11.24"]
[SourceQuality "1"]

1. e4 e5 2. Bc4 Nf6 3. d3 Be7 4. Nc3 c6 5. Nf3 d6 6. a4 Bg4 7. h3 Be6 8. 0-0 Nbd7 9. Bxe6 fxe6 10. Ng5 Nf8 11. g4 Qb6 12. Kh1 h6 13. a5 Qc7 1-0